000 00483nam a22001817a 4500
005 20180205154041.0
008 160428b xxu||||| |||| 00| 0 eng d
020 _a0-07-118458-9
041 _aeng
082 _b00683
_a005.1
100 _aPressman, Roger S.
_9187
245 _aSoftware Engineering: A Practitioners Approach
250 _a6th ed.
260 _aNew York
_bMC Graw Hill International,
_c2001
300 _a860
650 _aInformation Technology
_9137
942 _cBK
999 _c198
_d198